[Event "Nogent le Retrou op"]
[Site "Nogent le Retrou "]
[Date "2005.03.26"]
[Round "2"]
[White "Boisselet, Gilles"]
[Black "Lorieux, Christian"]
[Result "0-1"]
[WhiteElo "1610"]
[BlackElo "1870"]
[PlyCount "59"]
[EventDate "2005.03.25"]
[EventType "swiss"]
[EventRounds "9"]
[EventCountry "FRA"]
[SourceTitle "EXT 2007"]
[Source "ChessBase"]
[SourceDate "2006.11.23"]
[SourceVersion "1"]
[SourceVersionDate "2006.11.23"]
[SourceQuality "1"]

1. e4 c6 2. d4 d5 3. Nc3 dxe4 4. Nxe4 Bf5 5. Ng3 Bg6 6. Nf3 e6 7. Bd3 Na6 8. Bxa6 Qb6 9. c3 Qxa6 10. Ne5 Bd6 11. Nxg6 hxg6 12. Ne4 Be7 13. Qf3 Nf6 14. Bg5 Nxe4 15. Bxe7 Nxc3 16. Qxc3 Kxe7 17. Qc5+ Kd7 18. a3 Rh5 19. Qc3 Rah8 20. h3 Qb5 21. g4 Rd5 22. a4 Qb6 23. Rd1 Rd8 24. Ke2 Kc8 25. a5 Rxa5 26. b4 Rad5 27. Ke3 e5 28. Ke4 exd4 29. Qc4 d3 30. Rd2 0-1